000 00770nam a2200241Ia 4500
003 OSt
005 20220923225513.0
006 a|||||r|||| 00| 0
007 ta
008 220922b |||||||| |||| 00| 0 hin d
024 _a269,588
037 _cTextual
040 _aARTS
_cARTS
_bhin
041 _2hin
_ahin
082 _aQ31:21111, 152N4
100 _aतुलसी
245 0 _aआचारांगभाष्यम्, अनु दुलहराज
246 _aĀchārāangabhāṣhyam, anu0 dulaharāja
260 _aलाडनूं
_b जैन विश्वभारती संस्थान
_c1994
650 _aधर्म
942 _hQ31:21111, 152N4
_cTEXL
_2CC
999 _c378670
_d378670